Which One Does Not Belong. - Statistics

General Stats
  • This quiz has been taken 92 times
  • The average score is 4 of 10
Answer Stats
Question Answer % Correct
6 Alexander Graham Bell
100%
4 74
50%
8 Interstellar
50%
5 Judges
50%
10 Missouri
50%
3 Tomato
50%
2 Billy Dee Williams
0%
9 Mickey Mantle
0%
1 Patrick Ewing
0%
7 Telephone
0%
No matching quizzes found
Score Distribution
Percent of People with Each Score
Percentile by Number Answered
Your Score History
You have not taken this quiz